=LDR 00000nam 2200000 4500 =001 INLIS000000000023232 =005 20130612121917 =008 ***********************************Ind** =035 ##$$0010-061300000023232 =041 ##$$a Ind =082 ##$$a 813 =090 ##$$a 613, Phi-b =100 ##$$a Philips, Carolin =245 ##$$a Bunga putih di sungai kuning, Carolin Philips ; Alih Bahasa, Ivan Setiawan =260 ##$$a 2005 $b Jakata =300 ##$$a 136 hlm., 21 cm =650 ##$$a Sastra Terjemahan =850 ##$$a NBPNMAT